000 00338 a2200109 4500
001 ART_51118
005 20260410161810.0
008 260409a
245 1 0 _aEl síndico como integrante de los grupos de riesgo
100 1 _aDasso, Ariel G.
773 0 _tDoctrina Societaria y Concursal
_g- N°391 (jun. 2020)
_wREV4298
999 _c21358
_d21358